000 00599nam a22001817a 4500
005 20150319162715.0
010 _aENG-112191
020 _a9789350098738
_c350.00
035 _aEN-95723
037 _bDBAD/PUB
082 _a158
100 _aMaxwell, John C.
245 _aToday matters :
_cby John C. Maxwell
_b12 daily practices to guarantee tomorrow's success /
260 _aGurgaon
_bHachette Book Publishing
_c2014
270 _a4th & 5th Floor, Corporate Centre, Plot No.94, Sector -44
_bGurgaon
_e122003
300 _aviii,312p.
_c22cm(pbk)
942 _2ddc
_cEN
_mMAX
_h158
999 _c91489
_d91489